| 000 | 00708nam a2200205 i 4500 | ||
|---|---|---|---|
| 001 | 141966 | ||
| 003 | ES-MaACL | ||
| 005 | 20231103062534.0 | ||
| 007 | t| | ||
| 008 | 071001q1909 fr ||||1| fre d | ||
| 100 | 1 |
_aWilliams, Helen Maria. _9116928 |
|
| 245 | 1 | 3 |
_aLe règne de Robespierre / _cpar Maria-Hélène Williams ; traduit pour la première fois de l'anglais par F. Funch Brentano. |
| 260 |
_aParis : _bArthème Fayard, _c[1909?] |
||
| 300 |
_a155 p. ; _c24 cm. |
||
| 600 | 1 | 4 |
_aRobespierre, Maximilien. _997862 |
| 651 | 4 |
_aFrancia- _xHistoria- _y1789-1799, Revolución _98685 |
|
| 700 | 1 |
_aFunck-Brentano, Frantz ( _d1862-1947) _953022 |
|
| 852 |
_aES-MaACL _jC-1116 |
||
| 999 |
_c141966 _d141966 |
||